Persia and Turkey in revolt, (Record no. 552592)

000 -LEADER
fixed length control field 00507cam a2200145 4500
082 ## - DEWEY DECIMAL CLASSIFICATION NUMBER
Classification number 955
Author Mark FRA
-- D
100 1# - MAIN ENTRY--PERSONAL NAME
Personal name Fraser, David,
9 (RLIN) 49847
245 10 - TITLE STATEMENT
Title Persia and Turkey in revolt,
Statement of responsibility, etc. by David Fraser, with 120 illustrations and maps.
260 ## - PUBLICATION, DISTRIBUTION, ETC.
Place of publication, distribution, etc. Edinburgh,
-- London,
Name of publisher, distributor, etc. W. Blackwood and sons,
Date of publication, distribution, etc. 1910.
300 ## - PHYSICAL DESCRIPTION
Extent xii, 440 p.
Other physical details front.,plates, ports.,fold,map.
Dimensions 22 cm.
526 ## - STUDY PROGRAM INFORMATION NOTE
Program name 0
Interest level 0
Reading level 0
Title point value 955_000000000000000_FRA
650 #0 - SUBJECT ADDED ENTRY--TOPICAL TERM
Topical term or geographic name entry element Eastern question (Central Asia)
9 (RLIN) 5486
650 #0 - SUBJECT ADDED ENTRY--TOPICAL TERM
Topical term or geographic name entry element MCE
9 (RLIN) 379
942 ## - ADDED ENTRY ELEMENTS (KOHA)
Source of classification or shelving scheme
Koha item type Book
Holdings
Withdrawn status Lost status Source of classification or shelving scheme Damaged status Not for loan Permanent Location Current Location Shelving location Date acquired Total Checkouts Full call number Barcode Date last seen Price effective from Koha item type
          Military College of Engineering (MCE) Military College of Engineering (MCE)   01/19/2015   955 FRA MCE-ECP.12 01/19/2015 01/19/2015 Book
© 2023 Central Library, National University of Sciences and Technology. All Rights Reserved.